000 01162nam2a22002411 4500
001 rc\2243532
005 20250623014327.0
035 _a(NLR Aleph) 006514958
090 _a6369407
_c6369407
100 _a20110829d1978 |||y0rusy50 ca
101 0 _arus
102 _aRU
105 _ay z |||||
200 0 _a[Вып. 1. Ч. 1]
210 _d1978
_aБ. м.
215 _a58 с.
461 0 _1001rc\2243531
_12001#$aВопросы риккетсиологии$e(Сб. науч. тр.)$fИн-т эпидемиологии и микробиологии им. Н.Ф. Гамалеи АМН СССР$v[Вып. 1. Ч. 1]
_96369398
_cМосква
_d1978
_fИн-т эпидемиологии и микробиологии им. Н.Ф. Гамалеи АМН СССР
_n[Б. и.]
_o(Сб. науч. тр.)
_tВопросы риккетсиологии
_v[Вып. 1. Ч. 1]
801 0 _aRU
_bNLR
_gpsbo
801 1 _aRU
_bELAR
_2rusmarc
830 _aС Вып. 1. Ч. 2 (1979) хранится в журнальном фонде (К-50). Шифр: П16/1510. См. каталог периодических изданий
852 _aNLR
_j78-6/2719
942 _cBOOK
980 _aNB